Statistics for Ugens Dage På Engelsk

Click here to take the quiz!

General Stats

  • This quiz has been taken 6 times
  • The average score is 6 of 7

Answer Stats

På DanskPå Engelsk% Correct
FredagFriday
100%
MandagMonday
100%
LørdagSaturday
100%
SøndagSunday
100%
OnsdagWednesday
100%
TorsdagThursday
80%
TirsdagTuesday
60%

Score Distribution

Percentile by Number Answered

Percent of People with Each Score

Your Score History

You have not taken this quiz